Možnosti podnikania vo vybraných krajinách Európskej únie bakalárska práca

Gespeichert in:
Bibliographische Detailangaben
1. Verfasser: Bošková, Martina
Körperschaft: Obchodná fakulta EU. Katedra obchodného práva
Weitere Verfasser: Lukačovičová, Iva
Format: Buch
Sprache:Slowakisch
Veröffentlicht: Bratislava 2010
Tags: Tag hinzufügen
Keine Tags, Fügen Sie das erste Tag hinzu!

MARC

LEADER 00000nam$a2200000$$$4500
001 0134883
005 20240320074303.2
041 0 |a slo 
044 |a SK 
245 1 0 |a Možnosti podnikania vo vybraných krajinách Európskej únie  |b bakalárska práca  |c Martina Bošková ; školiteľ: Iva Lukačovičová 
264 1 |a Bratislava  |c 2010 
300 |a 40 s. 
100 1 |a Bošková, Martina 
700 1 |a Lukačovičová, Iva 
710 2 |a Obchodná fakulta EU. Katedra obchodného práva